000 01127nam a2200349 i 4500
003 OSt
005 20210930143233.0
008 210704t20192019enka j b 001 0beng d
020 _a9780241375426
_qpaperback
_cRM40.95
040 _aPPAK
_beng
_cPPAK
_erda
082 0 4 _a629.450092
_223
090 0 0 _a629.450092
_bHOW
_dK
100 1 _aHoward, Martin,
_eauthor.
245 1 0 _aTHE EXTRAORDINARY LIFE OF NELL ARMSTRONG /
_cWritten by Martin Howard ; Illustrated by Freda Chiu
246 3 0 _aNell Armstrong
264 1 _aLondon :
_bPuffin Books,
_c2019
264 4 _c©2019
300 _a111 pages :
_bcolor illustrations ;
_c20 cm
336 _atext
_2rdacontent
337 _aunmediated
_2rdamedia
338 _avolume
_2rdacarrier
490 1 _aEXTRAORDINARY LIVES
500 _aIncludes index
600 1 _aArmstrong, Neil,
_d1930-2012.
_vJuvenile literature
650 1 0 _aAstronauts
_zUnited States
_vBiography
_vJuvenile literature
655 7 _aBiography
655 7 _aJuvenile literature
655 7 _aJuvenile works
700 1 _aChiu, Freda,
_eillustrator.
830 0 _aExtraordinary lives
942 _2ddc
_cB
999 _c184258
_d184258